| 000 | 01205nam a2200325 a 4500 | ||
|---|---|---|---|
| 001 | 000112018 | ||
| 003 | CHAP | ||
| 005 | 20220329144242.0 | ||
| 008 | 151118s2015 mx sm |||||||spa d | ||
| 010 | _a108479 | ||
| 011 | _a109451 | ||
| 040 | _cCHAP | ||
| 090 | _aTesis | ||
| 100 | 1 |
_aHuerta Miranda, Rosalía _9130076 |
|
| 245 | 1 | 0 |
_aManejo óptimo del cultivo de hortensia (Hydrangea macrophylla) en maceta _h[En línea] _cpor Rosalía Huerta Miranda. |
| 260 |
_aChapingo, Méx. : _bEl autor, _c2015. |
||
| 500 | _aPara ver el contenido del material haga clic en la liga | ||
| 502 | _aTesis (Ing. Agr. Esp. en Suelos) -- UACH. Departamento de Enseñanza Investigación y Servicio en Suelos | ||
| 590 |
_aE11695DGD _b10 _c20151119 _lUCH01 _h0841 |
||
| 590 |
_aE5765TAJ _b05 _c20151118 _lUCH01 _h1110 |
||
| 590 |
_aE5765TAJ _b05 _c20151118 _lUCH01 _h1110 |
||
| 650 | 1 | 4 |
_aHortensia _xFloración. _956289 |
| 650 | 1 | 4 |
_aHortensia _xSiembra en maceta. _9130105 |
| 650 | 1 | 4 |
_aPlantas _xCrecimiento _xAditivos. _988804 |
| 650 | 1 | 4 |
_aPlantas _xCrecimiento _xEstimulantes. _988808 |
| 856 |
_aFinding aid _uhttp://10.13.5.2/tesis/sist112018.pdf _zTeclea aquí |
||
| 901 | _aBK | ||
| 942 | _cTESIS | ||
| 942 | _n0 | ||
| 999 |
_c108479 _d108479 |
||